[Event "ICS rated blitz match"]
[Site "204.178.125.65"]
[Date "2000.11.24"]
[Round "?"]
[White "Hossa"]
[Black "Tinker"]
[Result "0-1"]
[WhiteElo "2558"]
[BlackElo "2546"]
[PlyCount "114"]
[EventDate "2000.??.??"]

1. e4 c5 2. Nf3 d6 3. d4 cxd4 4. Nxd4 Nf6 5. Nc3 g6 6. Be3 Bg7 7. f3 O-O 8. Qd2
Nc6 9. g4 Be6 10. Nxe6 fxe6 11. O-O-O Ne5 12. Be2 Rc8 13. Nb5 Nc4 14. Bxc4 Rxc4
15. Qd3 d5 16. Qxc4 dxc4 17. Rxd8 Rxd8 18. Nxa7 Rf8 19. h3 Ne8 20. Rf1 Nd6 21.
Rf2 Ra8 22. c3 e5 23. Kd1 Rd8 24. Rd2 Ra8 25. Ke2 Kf8 26. Rd5 Kf7 27. a3 Ke6
28. Nb5 Rd8 29. Rc5 Rc8 30. Nxd6 Rxc5 31. Ne8 Rc6 32. Nxg7+ Kf7 33. Bh6 Rb6 34.
Kd1 Rxb2 35. h4 Rb3 36. Ke2 Rxc3 37. a4 Ra3 38. h5 Rxa4 39. hxg6+ hxg6 40. Kd2
b5 41. Kc3 Ra3+ 42. Kb4 Rxf3 43. Nh5 gxh5 44. gxh5 Rb3+ 45. Kc5 c3 46. Kd5 c2
47. Kxe5 Rb1 48. Kd5 c1=Q 49. Bxc1 Rxc1 50. Ke5 b4 51. h6 b3 52. Kf5 b2 53. e5
b1=Q+ 54. Kg5 Qe4 55. e6+ Kxe6 56. h7 Rg1+ 57. Kh5 Qxh7# {Hossa checkmated} 0-1

[Event "ICS rated bullet match"]
[Site "204.178.125.65"]
[Date "2000.11.24"]
[Round "?"]
[White "Hossa"]
[Black "kim-kata3"]
[Result "1-0"]
[WhiteElo "2579"]
[BlackElo "1990"]
[PlyCount "33"]
[EventDate "2000.??.??"]

1. e4 e6 2. d4 d5 3. Nd2 dxe4 4. Nxe4 Nd7 5. Bb5 Ke7 6. Nf3 c6 7. Bd3 Ndf6 8.
O-O h6 9. Bf4 Qb6 10. Qc1 Ke8 11. Nd6+ Kd8 12. Nxf7+ Ke7 13. Nxh8 Nd5 14. Ng6+
Kf6 15. Bg5+ Kf7 16. Nge5+ Ke8 17. Bg6# {kim-kata3 checkmated} 1-0

[Event "ICS rated bullet match"]
[Site "204.178.125.65"]
[Date "2000.11.24"]
[Round "?"]
[White "Hossa"]
[Black "kim-kata3"]
[Result "1-0"]
[WhiteElo "2581"]
[BlackElo "1988"]
[PlyCount "65"]
[EventDate "2000.??.??"]

1. e4 e6 2. d4 d5 3. Nd2 c6 4. exd5 exd5 5. Bd3 Nf6 6. Ngf3 Be7 7. Nb3 O-O 8.
Bf4 Re8 9. O-O Bd6 10. Bxd6 Qxd6 11. Re1 b6 12. Rxe8+ Nxe8 13. Qe2 Bd7 14. Re1
Nf6 15. c3 h6 16. Ne5 a5 17. Nd2 a4 18. Bc2 Be6 19. Ndf3 a3 20. b3 c5 21. Bd3
cxd4 22. Nxd4 Nbd7 23. Nxe6 Qxe6 24. Nxd7 Qxd7 25. Bb5 Qd6 26. Qe7 Qf4 27. Qb7
Rf8 28. Qxb6 Ne4 29. Qe3 Qf5 30. Bd3 Re8 31. f3 Qg5 32. Qxg5 Nxg5 33. Rxe8# {
kim-kata3 checkmated} 1-0

[Event "ICS rated bullet match"]
[Site "204.178.125.65"]
[Date "2000.11.24"]
[Round "?"]
[White "kim-kata3"]
[Black "Hossa"]
[Result "0-1"]
[WhiteElo "1987"]
[BlackElo "2582"]
[PlyCount "40"]
[EventDate "2000.??.??"]

1. e4 e5 2. Nc3 Nf6 3. d3 d5 4. f4 exf4 5. e5 d4 6. exf6 dxc3 7. fxg7 Bxg7 8.
b3 Qh4+ 9. g3 fxg3 10. Nf3 g2+ 11. Nxh4 gxh1=Q 12. Qe2+ Kd8 13. Bg5+ f6 14. Nf5
Bxf5 15. O-O-O fxg5 16. Qf2 Rf8 17. Bg2 Qxd1+ 18. Kxd1 Bg4+ 19. Ke1 Rxf2 20.
Kxf2 c6 {kim-kata3 resigns} 0-1

[Event "ICS rated bullet match"]
[Site "204.178.125.65"]
[Date "2000.11.24"]
[Round "?"]
[White "Hossa"]
[Black "NJITchess"]
[Result "1-0"]
[WhiteElo "2583"]
[BlackElo "2014"]
[PlyCount "109"]
[EventDate "2000.??.??"]

1. e4 e6 2. d4 c5 3. d5 d6 4. Nf3 exd5 5. Bb5+ Nc6 6. exd5 a6 7. Ba4 b5 8. dxc6
bxa4 9. O-O Ne7 10. Re1 Be6 11. Ng5 Qc8 12. Nxe6 fxe6 13. Qxd6 Qd8 14. Qxe6 Qc8
15. Qd5 Qd8 16. Qxc5 Qc8 17. Qc4 Qc7 18. Qxa4 Rc8 19. Qxa6 Qxc6 20. Qxc6+ Rxc6
21. Nc3 Kf7 22. g4 Ng6 23. a3 Bc5 24. Nd5 Re8 25. Rxe8 Kxe8 26. Bg5 h6 27. Re1+
Kd7 28. Bc1 Rd6 29. c4 Re6 30. Rxe6 Kxe6 31. Nf4+ Nxf4 32. Bxf4 Kd7 33. b4 Bd4
34. Bd2 Kd6 35. a4 Kc7 36. Be3 Be5 37. f4 Bd6 38. Bd2 Be7 39. Kf2 Kb7 40. Kf3
Bd6 41. Ke4 Bc7 42. Bc3 Bd6 43. Bxg7 Bc7 44. Bxh6 Bb6 45. h4 Bc7 46. Kd5 Bd8
47. g5 Be7 48. g6 Bf8 49. Bxf8 Kc7 50. h5 Kd7 51. h6 Ke8 52. Bd6 Kd7 53. g7 Ke8
54. Ke6 Kd8 55. g8=Q# {NJITchess checkmated} 1-0

[Event "ICS rated bullet match"]
[Site "204.178.125.65"]
[Date "2000.11.24"]
[Round "?"]
[White "NJITchess"]
[Black "Hossa"]
[Result "0-1"]
[WhiteElo "2013"]
[BlackElo "2584"]
[PlyCount "44"]
[EventDate "2000.??.??"]

1. c3 c5 2. e4 d5 3. d3 dxe4 4. dxe4 Qxd1+ 5. Kxd1 Nf6 6. f3 e5 7. Kc2 Be7 8.
Be3 O-O 9. a4 Nc6 10. Bc4 Na5 11. Ba2 Bd7 12. b3 c4 13. b4 Nb3 14. Bxb3 cxb3+
15. Kxb3 Be6+ 16. Kb2 Nd7 17. Nd2 a5 18. b5 Rfc8 19. Rc1 Rc7 20. Nb1 Rc4 21.
Ne2 Rxa4 22. Rhd1 Ra2# {NJITchess checkmated} 0-1

[Event "ICS rated bullet match"]
[Site "204.178.125.65"]
[Date "2000.11.24"]
[Round "?"]
[White "Hossa"]
[Black "NJITchess"]
[Result "1-0"]
[WhiteElo "2585"]
[BlackElo "2012"]
[PlyCount "51"]
[EventDate "2000.??.??"]

1. d4 c6 2. c4 d5 3. Nf3 Nf6 4. cxd5 cxd5 5. Nc3 e6 6. e3 h6 7. Bd3 Bd6 8. Bd2
O-O 9. Nb5 Be7 10. Ne5 a6 11. Nc3 Bd6 12. Rc1 b5 13. O-O Bb7 14. f4 Nbd7 15. a4
Rc8 16. axb5 axb5 17. Nxb5 Bxe5 18. Rxc8 Qxc8 19. fxe5 Ne4 20. Bb4 Re8 21. Bxe4
dxe4 22. Nd6 Qb8 23. Qg4 g6 24. Rxf7 Nf6 25. Qxg6+ Kh8 26. Qg7# {
NJITchess checkmated} 1-0

[Event "ICS rated blitz match"]
[Site "204.178.125.65"]
[Date "2000.11.24"]
[Round "?"]
[White "Mint"]
[Black "Hossa"]
[Result "0-1"]
[WhiteElo "2263"]
[BlackElo "2541"]
[PlyCount "108"]
[EventDate "2000.??.??"]

1. d4 Nf6 2. c4 g6 3. Nc3 d5 4. Nf3 Bg7 5. e3 c6 6. cxd5 cxd5 7. Bb5+ Bd7 8.
O-O Bxb5 9. Nxb5 O-O 10. b3 Nc6 11. Bb2 Qd7 12. Rc1 Rfc8 13. Rc2 Ne4 14. Nd2
Nxd2 15. Qxd2 a6 16. Nc3 b5 17. Ne2 Ra7 18. Nf4 Rac7 19. Nd3 Qf5 20. Nc5 a5 21.
a3 b4 22. Re1 bxa3 23. Bxa3 e6 24. Rf1 e5 25. dxe5 Bxe5 26. f4 Bg7 27. Na6 Ra7
28. Nc5 Nb4 29. Bxb4 axb4 30. Qe2 Bc3 31. Na4 Re7 32. g4 Qe6 33. Rd1 d4 34. e4
Qxb3 35. Nxc3 dxc3 36. Rd4 Qa3 37. Qd3 Qa5 38. Rd5 Qc7 39. Qe3 b3 40. Rc1 b2
41. Rdd1 c2 42. Re1 Qc4 43. Rxc2 Qxc2 44. Qb6 Qc5+ 45. Qxc5 Rxc5 46. Rb1 Rc1+
47. Kg2 Rxb1 48. e5 Rd1 49. f5 gxf5 50. gxf5 Rxe5 51. Kf3 b1=Q 52. Kg3 Rg1+ 53.
Kh3 Qxf5+ 54. Kh4 Qg4# {Mint checkmated} 0-1

[Event "ICS rated blitz match"]
[Site "204.178.125.65"]
[Date "2000.11.24"]
[Round "?"]
[White "Hossa"]
[Black "Mint"]
[Result "1-0"]
[WhiteElo "2546"]
[BlackElo "2258"]
[PlyCount "93"]
[EventDate "2000.??.??"]

1. e4 e5 2. Nf3 Nc6 3. Bb5 a6 4. Ba4 Nf6 5. O-O b5 6. Bb3 Na5 7. Nxe5 Nxb3 8.
axb3 d6 9. Nf3 Be7 10. d3 O-O 11. Nd4 Bd7 12. b4 d5 13. e5 Ne8 14. c3 c6 15.
Be3 Qc7 16. f4 Qc8 17. f5 Qc7 18. Re1 Qxe5 19. Bg5 Qxe1+ 20. Qxe1 Bxg5 21. Nd2
Nd6 22. Qg3 Bxd2 23. Qxd6 c5 24. bxc5 Be3+ 25. Kf1 Bxd4 26. Qxd7 Bxc5 27. Qxd5
Be3 28. Qc6 Bf4 29. Rxa6 Rac8 30. Qxb5 Bxh2 31. f6 gxf6 32. Rxf6 Ra8 33. Qg5+
Kh8 34. Qh5 Ra1+ 35. Ke2 Rh1 36. g3 Rb8 37. Rxf7 Rxb2+ 38. Kf3 Rf2+ 39. Kg4
Rxf7 40. Qxf7 h6 41. Kh5 Ra1 42. Qf6+ Kh7 43. Qg6+ Kh8 44. Kxh6 Ra6 45. Qxa6
Kg8 46. Qf6 Bxg3 47. Qg7# {Mint checkmated} 1-0

[Event "ICS rated blitz match"]
[Site "204.178.125.65"]
[Date "2000.11.24"]
[Round "?"]
[White "Tinker"]
[Black "Hossa"]
[Result "0-1"]
[WhiteElo "2563"]
[BlackElo "2551"]
[PlyCount "76"]
[EventDate "2000.??.??"]

1. e4 e5 2. Nf3 Nc6 3. Bb5 a6 4. Ba4 Nf6 5. O-O Be7 6. Re1 b5 7. Bb3 d6 8. c3
O-O 9. h3 Na5 10. Bc2 c5 11. d4 Qc7 12. Nbd2 cxd4 13. cxd4 Bb7 14. Nf1 Rac8 15.
Re2 d5 16. dxe5 Nxe4 17. Ng3 Nxg3 18. fxg3 d4 19. Nxd4 Rfd8 20. Qd3 g6 21. e6
Bc5 22. e7 Bxe7 23. Bf4 Qd7 24. Be3 Nc4 25. Nf5 Qxf5 26. Qxf5 gxf5 27. Bf2 Be4
28. Bxe4 fxe4 29. Rxe4 Bf6 30. Rg4+ Kf8 31. Rb1 Nxb2 32. Rf4 Bg7 33. Bb6 Rd7
34. Be3 Nc4 35. Rc1 Rd3 36. Bf2 Bh6 37. Rc2 Bxf4 38. gxf4 Rd2 {Tinker resigns}
0-1

[Event "ICS rated blitz match"]
[Site "204.178.125.65"]
[Date "2000.11.24"]
[Round "?"]
[White "Hossa"]
[Black "Tinker"]
[Result "1/2-1/2"]
[WhiteElo "2568"]
[BlackElo "2546"]
[PlyCount "94"]
[EventDate "2000.??.??"]

1. e4 c5 2. Nf3 d6 3. d4 cxd4 4. Nxd4 Nf6 5. Nc3 g6 6. Be3 Bg7 7. f3 O-O 8. Qd2
Nc6 9. Bc4 Bd7 10. O-O-O Rc8 11. Bb3 Ne5 12. h4 h5 13. Bg5 Rc5 14. Kb1 b5 15.
g4 a5 16. gxh5 a4 17. h6 Bh8 18. Bxf6 Bxf6 19. Bd5 Kh7 20. h5 e6 21. f4 exd5
22. fxe5 dxe5 23. Nf3 Bg4 24. Rdf1 Be6 25. exd5 Bxd5 26. Qe3 Qc8 27. Nxd5 Rxd5
28. Ng5+ Bxg5 29. Qxg5 Qe8 30. Qf6 Rg8 31. hxg6+ fxg6 32. Rf3 Qd7 33. Kc1 e4
34. Re3 Rh5 35. Rg1 Qf5 36. Qe7+ Kxh6 37. Rxe4 Rc8 38. Re2 Qc5 39. Qxc5 Rhxc5
40. Kd1 g5 41. Rg3 Kg6 42. Rf3 Rd5+ 43. Ke1 Rcd8 44. Re6+ Kh5 45. Re2 Kg6 46.
Re6+ Kh5 47. Re2 Kg6 {Game drawn by repetition} 1/2-1/2

[Event "ICS rated blitz match"]
[Site "204.178.125.65"]
[Date "2000.11.24"]
[Round "?"]
[White "Hossa"]
[Black "counterplay"]
[Result "0-1"]
[WhiteElo "2567"]
[BlackElo "2661"]
[PlyCount "108"]
[EventDate "2000.??.??"]

1. e4 c5 2. Nf3 d6 3. d4 cxd4 4. Nxd4 Nf6 5. Nc3 Nc6 6. Bg5 e6 7. Qd2 a6 8.
O-O-O Bd7 9. f4 b5 10. Bxf6 gxf6 11. f5 b4 12. Nce2 Qa5 13. Kb1 Rg8 14. Nf4
Nxd4 15. Qxd4 Qe5 16. Nh5 Ke7 17. Qxb4 Bh6 18. Ng3 Rgb8 19. Qd4 Qxd4 20. Rxd4
Bf4 21. c3 Be5 22. Rd3 Bc6 23. Re3 d5 24. exd5 Bxd5 25. b3 a5 26. c4 Bc6 27.
Rd3 a4 28. Kc1 axb3 29. axb3 Ra3 30. Kc2 Ra2+ 31. Kc1 Rba8 32. Kd1 Bxg2 33. Rg1
Rb2 34. Rd2 Bf3+ 35. Ke1 Ra1+ 36. Kf2 Rxd2+ 37. Kxf3 Rb2 38. Rh1 Rxb3+ 39. Kf2
Rc1 40. fxe6 fxe6 41. Kg2 f5 42. Ne2 Rxc4 43. Rg1 f4 44. Kh1 f3 45. Ng3 Rc2 46.
Ba6 Bxg3 47. Ra1 Rxh2+ 48. Kg1 Rbb2 49. Be2 Rbxe2 50. Ra7+ Bc7 51. Rxc7+ Kf6
52. Rxh7 Reg2+ 53. Kf1 Rxh7 54. Ke1 Rh1# {Hossa checkmated} 0-1

[Event "ICS rated blitz match"]
[Site "204.178.125.65"]
[Date "2000.11.24"]
[Round "?"]
[White "Tinker"]
[Black "Hossa"]
[Result "0-1"]
[WhiteElo "2547"]
[BlackElo "2555"]
[PlyCount "88"]
[EventDate "2000.??.??"]

1. e4 e5 2. Nf3 Nc6 3. Bb5 a6 4. Ba4 Nf6 5. O-O Be7 6. Re1 b5 7. Bb3 d6 8. c3
O-O 9. h3 Na5 10. Bc2 c5 11. d4 Qc7 12. Nbd2 cxd4 13. cxd4 Bb7 14. Nf1 Rac8 15.
Re2 d5 16. dxe5 Nxe4 17. Ng3 Nxg3 18. fxg3 d4 19. Nxd4 Rfd8 20. Qd3 g6 21. e6
Bc5 22. e7 Bxe7 23. Be3 Nc6 24. Nxc6 Rxd3 25. Nxe7+ Qxe7 26. Bxd3 Qd6 27. Rd1
Qxg3 28. Bd4 Bf3 29. Be5 Qg5 30. Bf4 Qxf4 31. Rf2 Qe3 32. gxf3 Rd8 33. Be2
Rxd1+ 34. Bxd1 Qe1+ 35. Rf1 Qg3+ 36. Kh1 Qxh3+ 37. Kg1 Qg3+ 38. Kh1 Qh4+ 39.
Kg2 Qg5+ 40. Kh1 Qd2 41. a3 Qxb2 42. a4 b4 43. f4 b3 44. Kg1 Qd4+ {
Tinker resigns} 0-1

[Event "ICS rated blitz match"]
[Site "204.178.125.65"]
[Date "2000.11.24"]
[Round "?"]
[White "razor91"]
[Black "Hossa"]
[Result "1-0"]
[WhiteElo "2589"]
[BlackElo "2571"]
[PlyCount "135"]
[EventDate "2000.??.??"]

1. c4 Nf6 2. d4 e6 3. Bg5 Bb4+ 4. Nc3 h6 5. Bh4 g5 6. Bg3 Ne4 7. Qc2 Nxg3 8.
hxg3 c5 9. a3 Qa5 10. Rb1 Bxc3+ 11. Qxc3 Qxc3+ 12. bxc3 Nc6 13. dxc5 g4 14. e4
Ke7 15. Rh5 f6 16. Be2 Ne5 17. f4 gxf3 18. gxf3 Nf7 19. f4 e5 20. fxe5 Nxe5 21.
Nf3 Nf7 22. Nh4 Kd8 23. Nf5 Kc7 24. Ne7 Re8 25. Nd5+ Kc6 26. Rf5 Ng5 27. Nxf6
Re6 28. Rb5 Rb8 29. Bg4 Ra8 30. Rxg5 Rxf6 31. e5 Rf1+ 32. Kxf1 hxg5 33. Bf3+
Kc7 34. Ke2 Rb8 35. Bd5 b6 36. Kf3 Ba6 37. Rb4 Rf8+ 38. Kg4 bxc5 39. Ra4 Kb6
40. Kxg5 Rf1 41. g4 Bc8 42. Kg6 Rf2 43. g5 Rf4 44. Kh6 Rh4+ 45. Kg7 Rf4 46. g6
d6 47. e6 Rh4 48. Kg8 Rg4 49. g7 Rf4 50. Kh7 Rh4+ 51. Kg6 Rg4+ 52. Kf6 Rf4+ 53.
Kg5 Rf1 54. Kg6 Rg1+ 55. Kh7 Rg4 56. g8=Q Rh4+ 57. Kg7 Rg4+ 58. Kf7 Rxg8 59.
Kxg8 Bxe6+ 60. Bxe6 a6 61. Kf8 Ka7 62. Ke7 Kb7 63. Kxd6 a5 64. Bd5+ Kb6 65. Bc6
Ka7 66. Kc7 Ka6 67. Bb5+ Ka7 68. Rxa5# {Hossa checkmated} 1-0

[Event "ICS rated bullet match"]
[Site "204.178.125.65"]
[Date "2000.11.24"]
[Round "?"]
[White "Hossa"]
[Black "thutters"]
[Result "1-0"]
[WhiteElo "2587"]
[BlackElo "1906"]
[PlyCount "27"]
[EventDate "2000.??.??"]

1. e4 c5 2. c3 g6 3. d4 Qa5 4. dxc5 Qxc5 5. Be3 Qc7 6. Bxa7 Rxa7 7. Qd4 Nc6 8.
Qxh8 Nf6 9. Nd2 d6 10. Bb5 Be6 11. a3 Ra8 12. Rd1 Kd7 13. e5 dxe5 14. Ne4+ {
thutters resigns} 1-0

[Event "ICS rated blitz match"]
[Site "204.178.125.65"]
[Date "2000.11.24"]
[Round "?"]
[White "cantona"]
[Black "Hossa"]
[Result "0-1"]
[WhiteElo "2174"]
[BlackElo "2553"]
[PlyCount "34"]
[EventDate "2000.??.??"]

1. e4 e5 2. Nf3 Nc6 3. Bb5 a6 4. Bxc6 dxc6 5. O-O f6 6. d4 exd4 7. Nxd4 c5 8.
Nf3 Bd6 9. h3 Ne7 10. Nc3 Be6 11. Qe2 O-O 12. b3 Qc8 13. Bb2 Bxh3 14. e5 Qg4
15. Ne1 Bxe5 16. f3 Qg3 17. Kh1 Qh2# {cantona checkmated} 0-1

[Event "ICS rated blitz match"]
[Site "204.178.125.65"]
[Date "2000.11.24"]
[Round "?"]
[White "Hossa"]
[Black "cantona"]
[Result "1-0"]
[WhiteElo "2556"]
[BlackElo "2171"]
[PlyCount "23"]
[EventDate "2000.??.??"]

1. e4 c5 2. c3 d5 3. exd5 Nf6 4. Bb5+ Nbd7 5. d4 a6 6. Bxd7+ Nxd7 7. c4 Qb6 8.
Nf3 e6 9. O-O exd5 10. Re1+ Be7 11. cxd5 O-O 12. Rxe7 {cantona resigns} 1-0

[Event "ICS rated blitz match"]
[Site "204.178.125.65"]
[Date "2000.11.24"]
[Round "?"]
[White "Mint"]
[Black "Hossa"]
[Result "0-1"]
[WhiteElo "2274"]
[BlackElo "2559"]
[PlyCount "107"]
[EventDate "2000.??.??"]

1. c4 Nf6 2. Nc3 e5 3. d4 exd4 4. Qxd4 Nc6 5. Qd3 Bc5 6. e4 d6 7. Nf3 Ng4 8.
Nd1 Nge5 9. Nxe5 Nxe5 10. Qd2 Qh4 11. Qf4 Qxf4 12. Bxf4 Be6 13. Rc1 f5 14. Bxe5
dxe5 15. exf5 Bxf5 16. a3 Rd8 17. b4 Bd4 18. c5 Rf8 19. c6 bxc6 20. Rxc6 Kd7
21. Ra6 Be4 22. f3 Bb7 23. Ra4 e4 24. fxe4 Bxe4 25. Ra5 h6 26. a4 Bc6 27. h3
Kd6 28. Ra6 Kd5 29. g4 Rfe8+ 30. Be2 Bb6 31. Nc3+ Ke6 32. Rf1 Bb7 33. Rxb6+
cxb6 34. Bc4+ Kd6+ 35. Kd2 Bg2 36. Rf5 Bxh3 37. Kc2 Bxg4 38. Nb5+ Kc6 39. Rf7
Rd7 40. Nxa7+ Kd6 41. Nb5+ Ke5 42. Rf1 Rc8 43. Re1+ Kf6 44. Na3 b5 45. axb5 Ra7
46. Re3 Rxa3 47. Rxa3 Rxc4+ 48. Kb3 Rc8 49. b6 Rb8 50. b7 Rxb7 51. Ra5 g5 52.
Rc5 Be6+ 53. Kc3 h5 54. b5 {Mint resigns} 0-1

[Event "ICS rated blitz match"]
[Site "204.178.125.65"]
[Date "2000.11.24"]
[Round "?"]
[White "Hossa"]
[Black "LeTiger"]
[Result "0-1"]
[WhiteElo "2564"]
[BlackElo "2865"]
[PlyCount "76"]
[EventDate "2000.??.??"]

1. d4 d5 2. c4 dxc4 3. Nf3 Nf6 4. e3 e6 5. Bxc4 c5 6. Qe2 a6 7. O-O b5 8. Bd3
cxd4 9. exd4 Be7 10. Be3 Nc6 11. a3 Bb7 12. Nc3 O-O 13. Rfc1 Rc8 14. b4 Bd6 15.
Ne4 Nxe4 16. Bxe4 Qc7 17. d5 exd5 18. Bxd5 Rfd8 19. Be4 Qe7 20. Bf5 Rc7 21. Qb2
Ne5 22. Ng5 h6 23. Ne4 Nc4 24. Rxc4 Rxc4 25. Nxd6 Qxd6 26. f3 Rh4 27. f4 g6 28.
Bh3 Rxh3 29. gxh3 Qd5 30. Qa2 Qh1+ 31. Kf2 Qf3+ 32. Kg1 Rd3 33. f5 Qh1+ 34. Kf2
Qg2+ 35. Ke1 Rxe3+ 36. Kd1 Qg1+ 37. Kd2 Qf2+ 38. Kc1 Re1# {Hossa checkmated}
0-1

[Event "ICS rated blitz match"]
[Site "204.178.125.65"]
[Date "2000.11.24"]
[Round "?"]
[White "LeTiger"]
[Black "Hossa"]
[Result "1-0"]
[WhiteElo "2870"]
[BlackElo "2559"]
[PlyCount "141"]
[EventDate "2000.??.??"]

1. d4 Nf6 2. c4 g6 3. Nc3 d5 4. Nf3 Bg7 5. Qb3 dxc4 6. Qxc4 O-O 7. e4 Nc6 8.
Be2 Nd7 9. d5 Na5 10. Qd3 c6 11. Be3 cxd5 12. exd5 Nb6 13. Bd4 Bf5 14. Qb5 Bxd4
15. Nxd4 Nd7 16. d6 exd6 17. Nxf5 gxf5 18. Qxf5 Re8 19. O-O Re5 20. Qf4 Qg5 21.
Qxg5+ Rxg5 22. Rfd1 Rg6 23. Nb5 d5 24. Rxd5 Nf6 25. Rd6 Kg7 26. Nd4 Ne4 27. Rd5
Nc6 28. Bd3 Nf6 29. Rd6 Ne8 30. Rxc6 Rxc6 31. Nxc6 bxc6 32. Kf1 Rd8 33. Ke2 Nf6
34. Rc1 Ng4 35. Bf5 Nxh2 36. Rxc6 Rd5 37. Bh3 Rb5 38. b3 Ra5 39. a4 h6 40. Rc7
Re5+ 41. Kd3 a5 42. f4 Rd5+ 43. Kc4 Rd6 44. Kc5 Rf6 45. Kb5 Rxf4 46. Kxa5 Nf1
47. b4 Ne3 48. b5 Rf2 49. b6 Rb2 50. b7 Nd5 51. Rd7 Nc3 52. Ka6 Nxa4 53. Rc7
Ra2 54. Kb5 Rb2+ 55. Kxa4 Kf6 56. Bd7 Rxb7 57. Rxb7 Ke5 58. Rb6 h5 59. Rh6 Kf4
60. Rxh5 Ke3 61. Rf5 Kd4 62. Rxf7 Kd5 63. g4 Kd4 64. g5 Kd5 65. Kb5 Kd6 66. g6
Kd5 67. g7 Ke5 68. g8=Q Ke4 69. Qg3 Kd4 70. Re7 Kd5 71. Qe5# {Hossa checkmated}
1-0

[Event "ICS rated blitz match"]
[Site "204.178.125.65"]
[Date "2000.11.24"]
[Round "?"]
[White "Hossa"]
[Black "NewHal9000"]
[Result "1-0"]
[WhiteElo "2554"]
[BlackElo "2383"]
[PlyCount "53"]
[EventDate "2000.??.??"]

1. e4 c5 2. c3 d5 3. exd5 Qxd5 4. d4 Nc6 5. Nf3 Nf6 6. Be2 e6 7. O-O Be7 8. c4
Qd8 9. dxc5 Qxd1 10. Rxd1 Bxc5 11. Nbd2 O-O 12. Nb3 Bb6 13. c5 Bc7 14. Nbd4
Nxd4 15. Nxd4 a6 16. Nc2 e5 17. Bg5 Ne4 18. Be7 Re8 19. Bd6 Bxd6 20. cxd6 Bf5
21. Ne3 Bd7 22. Bf3 f5 23. Bxe4 fxe4 24. Nd5 Rad8 25. Rac1 Bg4 26. Rd2 Kf8 27.
Nc7 {NewHal9000 resigns} 1-0

[Event "ICS rated blitz match"]
[Site "204.178.125.65"]
[Date "2000.11.24"]
[Round "?"]
[White "Hossa"]
[Black "NewHal9000"]
[Result "1-0"]
[WhiteElo "2571"]
[BlackElo "2366"]
[PlyCount "187"]
[EventDate "2000.??.??"]

1. e4 c5 2. c3 e6 3. d4 d5 4. e5 Nc6 5. Nf3 Qb6 6. Be2 Bd7 7. O-O f6 8. Na3
cxd4 9. cxd4 fxe5 10. dxe5 Bc5 11. Nb5 Nge7 12. Nd6+ Bxd6 13. exd6 Nf5 14. Bf4
O-O 15. Qd2 Ncd4 16. Nxd4 Qxd4 17. Bd3 e5 18. Bxf5 Rxf5 19. Qxd4 exd4 20. Bg3
Rc8 21. Rfd1 Rc4 22. b3 Rb4 23. Rac1 h6 24. Rc7 Rf7 25. Be5 d3 26. Rxd3 Re4 27.
Bc3 Re2 28. f4 Rxa2 29. Rg3 Ra6 30. Rxg7+ Rxg7 31. Bxg7 Kxg7 32. Rxd7+ Kg6 33.
Rxb7 Rxd6 34. Rxa7 Kf5 35. g3 Ke4 36. Kf2 Kd3 37. Re7 d4 38. Rc7 Rb6 39. h4
Rxb3 40. Rc6 Ke4 41. Re6+ Kf5 42. Rxh6 Rb2+ 43. Kf3 Rb3+ 44. Kg2 Rb2+ 45. Kf1
Ke4 46. Ke1 d3 47. Rh5 Rb1+ 48. Kd2 Rb2+ 49. Kc1 Rc2+ 50. Kd1 Rg2 51. Rg5 Rg1+
52. Kd2 Rg2+ 53. Kc1 Rg1+ 54. Kd2 Rg2+ 55. Kc3 Rc2+ 56. Kb3 Ke3 57. Re5+ Kd2
58. f5 Rc8 59. Rd5 Rb8+ 60. Kc4 Rc8+ 61. Rc5 Rxc5+ 62. Kxc5 Kc2 63. f6 d2 64.
f7 d1=Q 65. f8=Q Qg1+ 66. Kb5 Qxg3 67. Qc5+ Kb1 68. h5 Qg7 69. Qf5+ Ka2 70.
Qc2+ Ka1 71. Qa4+ Kb1 72. Qb4+ Ka1 73. Qe1+ Ka2 74. Qd2+ Ka1 75. h6 Qb7+ 76.
Kc5 Qc7+ 77. Kd4 Qd6+ 78. Kc3 Qc5+ 79. Kd3 Qd5+ 80. Kc2 Qe4+ 81. Qd3 Qa4+ 82.
Kd2 Qf4+ 83. Qe3 Qh2+ 84. Kd3 Qh5 85. Qe1+ Kb2 86. Qe2+ Qxe2+ 87. Kxe2 Kc3 88.
h7 Kd4 89. h8=Q+ Ke4 90. Qd8 Ke5 91. Kf3 Kf5 92. Qd6 Kg5 93. Qe6 Kh4 94. Qh6# {
NewHal9000 checkmated} 1-0

[Event "ICS rated bullet match"]
[Site "204.178.125.65"]
[Date "2000.11.24"]
[Round "?"]
[White "stranger"]
[Black "Hossa"]
[Result "0-1"]
[WhiteElo "2055"]
[BlackElo "2588"]
[PlyCount "52"]
[EventDate "2000.??.??"]

1. e4 e5 2. Nf3 Nc6 3. Bb5 a6 4. Bxc6 dxc6 5. d3 f6 6. Bd2 Bd6 7. Nc3 Ne7 8.
Qe2 O-O 9. h3 Ng6 10. O-O-O b5 11. a3 a5 12. Be3 b4 13. axb4 axb4 14. Nb1 Ra2
15. d4 Ba6 16. Qd2 exd4 17. Bxd4 Nf4 18. g3 Ne2+ 19. Qxe2 Bxe2 20. Rd2 Bxf3 21.
Be3 Bxh1 22. Na3 bxa3 23. bxa3 Bxa3+ 24. Kd1 Bf3+ 25. Ke1 Ra1+ 26. Rd1 Rxd1# {
stranger checkmated} 0-1

[Event "ICS Rated standard match"]
[Site "204.178.125.65"]
[Date "2000.11.24"]
[Round "?"]
[White "Tinker"]
[Black "Hossa"]
[Result "0-1"]
[WhiteElo "2334"]
[BlackElo "2259"]
[PlyCount "106"]
[EventDate "2000.??.??"]

1. e4 e5 2. Nf3 Nc6 3. Bb5 a6 4. Ba4 Nf6 5. O-O Be7 6. Re1 b5 7. Bb3 d6 8. c3
O-O 9. h3 Na5 10. Bc2 c5 11. d4 Qc7 12. Nbd2 cxd4 13. cxd4 Bb7 14. Nf1 Rac8 15.
Re2 d5 16. dxe5 Nxe4 17. Ng3 Nxg3 18. fxg3 d4 19. Nxd4 Rfd8 20. Qd3 g6 21. Be3
Bc5 22. Rd1 Nc6 23. Qc3 Bxd4 24. Rxd4 Nxd4 25. Bxd4 Qc4 26. Qxc4 Rxc4 27. Bc3
Bd5 28. Bb3 Rcc8 29. Bxd5 Rxd5 30. e6 Re8 31. e7 f5 32. Bb4 Kf7 33. Kf2 a5 34.
Bxa5 Rxe7 35. Rxe7+ Kxe7 36. Bb4+ Ke6 37. Ke2 Ke5 38. Bc3+ Ke4 39. a3 Rd3 40.
Kf2 Rd1 41. Bg7 Rd2+ 42. Kf1 Kd5 43. Bc3 Rc2 44. Kg1 Kc4 45. Bg7 Kb3 46. Kf1
Rxb2 47. Bf8 Ra2 48. Kg1 Rxa3 49. g4 fxg4 50. hxg4 Ra2 51. Kf1 b4 52. Ke1 Rxg2
53. g5 Rxg5 {Tinker resigns} 0-1

[Event "ICS rated blitz match"]
[Site "204.178.125.65"]
[Date "2000.11.24"]
[Round "?"]
[White "Tinker"]
[Black "Hossa"]
[Result "0-1"]
[WhiteElo "2499"]
[BlackElo "2576"]
[PlyCount "96"]
[EventDate "2000.??.??"]

1. e4 e5 2. Nf3 Nc6 3. Bb5 a6 4. Ba4 Nf6 5. O-O Be7 6. Re1 b5 7. Bb3 d6 8. c3
O-O 9. h3 Na5 10. Bc2 c5 11. d4 Qc7 12. Nbd2 cxd4 13. cxd4 Bb7 14. Nf1 Rac8 15.
Re2 d5 16. dxe5 Nxe4 17. Ng3 Nxg3 18. fxg3 d4 19. Nxd4 Rfd8 20. Qd3 g6 21. e6
Bc5 22. e7 Bxe7 23. Be3 Nc6 24. Nxc6 Rxd3 25. Nxe7+ Qxe7 26. Bxd3 Qd6 27. Rd1
Qxg3 28. Bd4 Bf3 29. Be5 Qg5 30. Bf4 Qxf4 31. Rf2 Qe3 32. gxf3 Rd8 33. Be2
Rxd1+ 34. Bxd1 Qe1+ 35. Rf1 Qg3+ 36. Kh1 Qxh3+ 37. Kg1 Qg3+ 38. Kh1 Qh4+ 39.
Kg2 Qg5+ 40. Kh1 Qd2 41. Bb3 a5 42. Rd1 Qe2 43. Rd8+ Kg7 44. Kg1 Qe3+ 45. Kf1
Qxf3+ 46. Ke1 a4 47. Bd1 Qg3+ 48. Kf1 Qf4+ {Tinker resigns} 0-1

[Event "ICS rated blitz match"]
[Site "204.178.125.65"]
[Date "2000.11.24"]
[Round "?"]
[White "Hossa"]
[Black "PowerChess"]
[Result "0-1"]
[WhiteElo "2589"]
[BlackElo "2808"]
[PlyCount "108"]
[EventDate "2000.??.??"]

1. d4 e6 2. e3 d5 3. Nf3 Bd6 4. c4 c6 5. c5 Bc7 6. Bd3 Ne7 7. b4 Nf5 8. Nc3 O-O
9. Ba3 b5 10. Qc2 a5 11. g4 Nh4 12. Bxh7+ Kh8 13. Nxh4 Qxh4 14. Bd3 e5 15. Bf5
axb4 16. Bxb4 exd4 17. exd4 Na6 18. Rb1 Re8+ 19. Kd1 Qh3 20. Qd3 Qxd3+ 21. Bxd3
Nxb4 22. Rxb4 Ba5 23. Rb3 Bxc3 24. Rxc3 Bxg4+ 25. Kd2 Rxa2+ 26. Rc2 Ra4 27. h3
Bf3 28. Rf1 Rxd4 29. Rc3 Ra4 30. Rg1 Kg8 31. Rg3 Bh5 32. Rc2 Rf4 33. Kc3 Ra8
34. Rd2 Ra1 35. Kb2 Rh1 36. Kb3 Rh2 37. Re3 Kf8 38. Bxb5 cxb5 39. Rxd5 f5 40.
Rd8+ Kf7 41. Rb8 Rfxf2 42. Rxb5 f4 43. Rc3 Rb2+ 44. Ka4 Bd1+ 45. Ka5 Rxb5+ 46.
Kxb5 f3 47. Rc1 Rd2 48. c6 f2 49. Kb6 Rb2+ 50. Kc5 f1=Q 51. Rxd1 Qxd1 52. h4
Qd3 53. c7 Rb5+ 54. Kc6 Qd5# {Hossa checkmated} 0-1